| 000 | 00454nam a2200133Ia 4500 | ||
|---|---|---|---|
| 008 | 160216s9999 xx 000 0 und d | ||
| 100 | _aKasimoglu, M. | ||
| 245 | _aStrategies for tourism industry : micro and macro perspectives / | ||
| 245 | _cM. Kasimoglu and H. Aydin. | ||
| 260 | _bInTech. | ||
| 260 | _c2012 | ||
| 650 | _xTourism - strategy. | ||
| 856 | _uhttp://www.intechopen.com/books/strategies-for-tourism-industry-micro-and-macro-perspectives | ||
| 999 |
_c290637 _d290637 |
||